| 000 | 00000cas 2200000za 4500 |
| 001 | 9.504974 |
| 003 | CaOODSP |
| 005 | 20260501100603 |
| 007 | cr ||||||||||| |
| 008 | 150406c19959999oncqr p o f0 a0eng|d |
| 022 | |a1490-1234 |
| 040 | |aCaOODSP|beng |
| 043 | |an-cn--- |
| 086 | 1 |aFB1-1E-PDF |
| 110 | 2 |aBank of Canada. |
| 210 | 0 |aMonet. policy rep. |b(Online) |
| 222 | 0|aMonetary policy report |b(Online) |
| 240 | 10|aMonetary policy report (Online) |
| 245 | 10|aMonetary policy report |h[electronic resource] / |cBank of Canada. |
| 260 | |aOttawa : |bBank of Canada, |c[1995]- |
| 310 | |aQuarterly, |bJuly 2009- |
| 321 | |aSemi-annual,|bMay 1995-April 2009 |
| 362 | 1 |aBegan with May 1995. |
| 500 | |aIssued also in French under title: Rapport sur la politique monétaire. |
| 520 | 3 |aOffers a detailed summary of the Bank of Canada’s policies and strategies, plus a look at the current economic climate and its implications for inflation. It examines recent developments in inflation; financial developments related to business and household credit conditions, policy actions, and the exchange rate; and the outlook for inflation based on various factors. Contains technical boxes that highlight current issues. |
| 775 | 08|tRapport sur la politique monétaire |w(CaOODSP)9.501373 |
| 776 | 0#|tMonetary policy report |w(CaOODSP)9.508436 |